01874 a2200193 45000010006000000050017000060080041000230030015000640400040000790800068001192450032001870200022002192640034002413000024002755051250002990410008015491000028015578560095015854230720260407155712.0260407a2016 arg spa dAR-UNSa-BCEJYS aAR-UNSa-BCEJYSbspacAR-UNSa-BCEJYS a336.1xFinanzas Públicas. Finanzas del gobierno en general 10aCurso de derecho financiero a978-987-3953-29-3 1aBuenos Aires :bErreiusc2016 axl, 1004 p.c27 cm. aPARTE I: NOCIONES GENERALES DE LAS FINANZAS PÚBLICAS: 1. Evolución histórica - 2. Las diferentes escuelas financieras y sus principales expositores - 3. Las finanzas liberales, intervencionistas y socialistas - 4. La doctrina pontificia en materia económica y financiera - 5. La planificación - 6. El fenómeno financiero y la actividad financiera del estado - 7. El estado: fines y funciones - 8. Las finanzas públicas -- PARTE II: EL DERECHO FINANCIERO: 1. La relación entre la ciencia de las finanzas y el derecho financiero - 2. Estudios del derecho financiero - 3. El derecho financiero - 4. El derecho tributario - 5. El presupuesto - 6. Gasto público - 7. Recursos públicos - 8. Recursos tributarios - 9. Impuestos - 10. Tasas - 11. Contribuciones especiales - 12. Crédito público -- PARTE III: DERECHO TRIBUTARIO PARTE GENERAL: 1. Derecho constitucional tributario - 2. Derecho Interjurisdiccional tributario - 3. Derecho tributario material - 4. Derecho formal o administrativo tributario - 5. Derecho procesal tributario - 6. Derecho Penal tributario - 7. Derecho internacional tributario -- PARTE IV: DERECHO TRIBUTARIO PARTE ESPECIAL: 1. Tributos nacionales - 2. Tributos provinciales - 3. Tributos municipales aspa1 aEspeche, Sebastián P.41uhttps://biblioeco.unsa.edu.ar/pmb/images/libros/L126543.jpgyImagen de portadaqimage/jpeg